00267nam a22000977a 4500008004100000022001300041041000800054245004500062260005200107300001000159241110b |||||||| |||| 00| 0 eng d a09725784 aEng aIndian Journal of Economics and Business aNew DelhibSerials Publications Pvt. Ltd.c2024 a141 p